| 000 | 01091nac a22002651u 4500 | ||
|---|---|---|---|
| 010 | _a97002147 | ||
| 020 | _a0201896834 (v. 1 : acid-free paper) | ||
| 020 | _a0201896842 (v. 2 : acid-free paper) | ||
| 020 | _a0201896850 (v. 3 : acid-free paper) | ||
| 020 | _a0201853949 (v. 4 : acid-free paper) | ||
| 020 | _a8178081113 (v. 1) | ||
| 082 | 0 | 0 |
_a005.1 _bK748 |
| 090 |
_c688 _d688 |
||
| 100 | _aKnuth, Donald Ervin, | ||
| 245 | 1 | 4 |
_aThe art of computer programming / _cDonald E. Knuth. |
| 250 | _a3rd ed. | ||
| 260 |
_aNew Delhi : _bPearson Education, _cc2004. |
||
| 300 |
_avol 1: _bill. ; _c24 cm. |
||
| 500 | _aIncludes indexes. | ||
| 505 | 1 | _av. 1. Fundamental algorithms -- v. 2. Seminumerical algorithms -- v. 3. Sorting and searching -- v. 4, fascicule 3. Generating all combinations and partitions. | |
| 650 | 0 | _aComputer programming. | |
| 650 | 0 | _aComputer algorithms. | |
| 942 |
_cBB _k005.1K748 |
||
| 999 |
_c688 _d688 |
||